المطحنة السحرية / (رقم التسجيلة. 36459)

تفاصيل مارك
000 -LEADER
fixed length control field 00604nam a22001937a 4500
005 - DATE AND TIME OF LATEST TRANSACTION
control field 20251108165958.0
008 - FIXED-LENGTH DATA ELEMENTS--GENERAL INFORMATION
fixed length control field 250721s1996 xx 000 0 ara d
082 14 - DEWEY DECIMAL CLASSIFICATION NUMBER
Classification number ط/ ق
100 1# - MAIN ENTRY--PERSONAL NAME
Personal name ديزني، والت
245 10 - TITLE STATEMENT
Title المطحنة السحرية /
264 1# - PRODUCTION, PUBLICATION, DISTRIBUTION, MANUFACTURE, AND COPYRIGHT NOTICE
Place of production, publication, distribution, manufacture القاهره :
Name of producer, publisher, distributor, manufacturer دار المعارف،
Date of production, publication, distribution, manufacture, or copyright notice [1996].
300 ## - PHYSICAL DESCRIPTION
Extent [40]ص.:مص
490 0# - SERIES STATEMENT
Series statement عالم ديزني العجيب
653 ## - INDEX TERM--UNCONTROLLED
Uncontrolled term القصص المترجمة
653 ## - INDEX TERM--UNCONTROLLED
Uncontrolled term أطفال مرحلة متوسطة (6-9 سنوات)
700 1# - ADDED ENTRY--PERSONAL NAME
Personal name تادرس، أريت فايز
Relator term Tran.
942 ## - ADDED ENTRY ELEMENTS (KOHA)
Source of classification or shelving scheme Dewey Decimal Classification
Koha item type كتب
المقتنيات
حالة السحب حالة الفقدان مصدر التصنيف حالة التلف غير قابل للإعارة المكتبة الرئيسية المكتبة الحالية موقع الرف تاريخ التزويد الرقم المتسلسل Total Checkouts رقم الإستدعاء تاريخ آخر ظهور تاريخ الفاتورة نوع المادة (كوها) الباركود
    Dewey Decimal Classification     مكتبة أم المؤمنين للأطفال مكتبة أم المؤمنين للأطفال الأطفال 28/07/2025 419098   ط/ ق 28/07/2025 28/07/2025 كتب 419098
    Dewey Decimal Classification Unchecked   مكتبة أم قصير والمقابلين العامة مكتبة أم قصير والمقابلين العامة الأطفال 06/07/2004 362042   ط/ ق 28/07/2025 06/07/2004 كتب  
    Dewey Decimal Classification Unchecked   مكتبة الاميرة بديعة مكتبة الاميرة بديعة الأطفال 06/07/2004 362035   ط/ ق 28/07/2025 06/07/2004 كتب  
    Dewey Decimal Classification     مكتبة البراءة للأطفال مكتبة البراءة للأطفال الأطفال 28/07/2025 362026   ط/ ق 28/07/2025 28/07/2025 كتب 362026
    Dewey Decimal Classification     مكتبة البراعم الواعدة مكتبة البراعم الواعدة الأطفال 25/07/2015 1603316   ط/ ق 28/07/2025 25/07/2015 كتب PLD00338567
    Dewey Decimal Classification Unchecked   مكتبة النصر العامة مكتبة النصر العامة الأطفال 06/07/2004 362039   ط/ ق 28/07/2025 06/07/2004 كتب  
    Dewey Decimal Classification Unchecked   مكتبة حمزة العامة مكتبة حمزة العامة الأطفال 06/07/2004 362036   ط/ ق 28/07/2025 06/07/2004 كتب  
    Dewey Decimal Classification     مكتبة وادي السير العامة مكتبة وادي السير العامة الأطفال 06/07/2004 362032   ط/ ق 28/07/2025 06/07/2004 كتب 362032
Implemented & Customized by: BBB with SCIT (Smart Chains for Information Technology)

Powered by Koha